000 00756aas a2200217 4500
999 _c3354
_d3354
003 BR-BrBNA
005 20230317233758.0
007 ta
008 230119b bl ||||| |||| 00| 0 por d
035 _a000485-5
040 _aBR-BrBNA
_bPor
_cBR-BrBNA
042 _aN
044 _abl
245 _aPrograma de Assistência Técnica e Extensão Rural - Empresa de Assistência Técnica e Extensão Rural do Estado do Espírito Santo (Brazil)
260 _aVitória-ES
_bEmpresa de Assistência Técnica e Extensão Rural do Estado do Espírito Santo
_c1977. Data final de publicação em 1982
_eBES
270 _aRua Afonso Sarlo, 160 - Bento Ferreira - 29000-000
310 _aanual
505 _a1977; 1981-82;
909 _a56
_bSergio Santos
_c56
_dSergio Santos
942 _cCR
_2AGRIS